| 000 | 01019ntm a2200253 a 4500 | ||
|---|---|---|---|
| 001 | 75425 | ||
| 003 | BD-RjUL | ||
| 005 | 20211209082703.0 | ||
| 008 | 190407s2017 bg a|||| m|b| 00| 0 eng d | ||
| 035 | _a(BD-RjUL)75643 | ||
| 040 |
_aBD-RjUL _beng _cBD-RjUL _dBD-RjUL |
||
| 041 | _aeng | ||
| 082 |
_223 _a338.954015195 _bSIF 2017 |
||
| 100 | 1 |
_aSikder, Md. Zahirul Islam _9230154 |
|
| 245 | 1 | 0 |
_aFinancial development and Economic growth in South Asian Countries: _bAn Econometric Analysis / _cby Md. Zahirul Islam Sikder ; _6Supervisor: Md. Abdul Wadud |
| 260 |
_aRajshahi : _bDepartment Economics, University of Rajshahi, _c2017 |
||
| 300 |
_axvii, 210 leaves : _bIll. ; _c30 cm. |
||
| 502 | _aThesis (Ph. D.)-- Department Economics, University of Rajshahi, 2017 | ||
| 504 | _aBibliography : leaves 185-199 | ||
| 650 |
_aEconomic Deveopment _xHistory _zSouth Asia _9230155 |
||
| 650 |
_aEconomic development _xEconometric models _9230156 |
||
| 700 |
_aWadud, Md. Abdul, Supervisor _9230157 |
||
| 942 |
_2ddc _cTHE |
||
| 999 |
_c75425 _d75425 |
||